Top 100 Najdroższych Piłkarzy Na Świecie - Statystyki

Ogólne statystyki
  • Ten quiz został rozwiązany 363 razy
  • Średni wynik to 15 z 100
Statystyki odpowiedzi
Hint Odpowiedź % Poprawnych
160 mln Kylian Mbappe
66%
75 mln Neymar
64%
150 mln Erling Haaland
52%
50 mln Lionel Messi
45%
80 mln Pedri
33%
90 mln Harry Kane
32%
100 mln Vinicius Junior
32%
60 mln Gavi
31%
90 mln Mohamed Salah
29%
80 mln Jude Bellingham
28%
85 mln Kevin De Bruyne
25%
90 mln Phil Foden
25%
70 mln Sadio Mane
25%
60 mln Rodrygo
23%
85 mln Bruno Fernandes
22%
55 mln Virgil Van Dijk
20%
70 mln Jack Grealish
19%
75 mln Jadon Sancho
19%
60 mln Marcus Rashford
19%
48 mln Paul Pogba
19%
80 mln Rodri
19%
65 mln Bukayo Saka
18%
80 mln Joshua Kimmich
18%
75 mln Ruben Dias
18%
80 mln Trent Alexander Arnold
18%
50 mln Alisson
17%
80 mln Bernardo Silva
17%
60 mln Eder Militao
17%
60 mln Leroy Sane
17%
70 mln Romelu Lukaku
17%
75 mln Heung Min Son
16%
70 mln Joao Felix
16%
70 mln Raheem Sterling
16%
55 mln Eduardo Camavinga
15%
50 mln Gabriel Jesus
15%
50 mln Gianluigi Donnarumma
15%
65 mln Jamal Musiala
15%
65 mln Joao Cancelo
15%
70 mln Kai Havertz
15%
60 mln Kingsley Coman
15%
75 mln Lautaro Martinez
15%
65 mln Leon Goretzka
15%
50 mln Ronald Araujo
15%
60 mln Ansu Fati
14%
55 mln Darwin Nunez
14%
70 mln Marquinhos
14%
65 mln Serge Gnabry
14%
60 mln Thibaut Courtois
14%
70 mln Federico Valverde
13%
60 mln Frenkie De Jong
13%
70 mln Rafael Leao
13%
55 mln Theo Hernandez
13%
65 mln Achraf Hakimi
12%
70 mln Alphonso Davies
12%
65 mln Andrew Robertson
12%
55 mln David Alaba
12%
80 mln Declan Rice
12%
60 mln Jules Kounde
12%
75 mln Mason Mount
12%
48 mln Raphael Varane
12%
45 mln Raphinha
12%
60 mln Aurelien Tchouameni
11%
80 mln Christopher Nkunku
11%
85 mln Dusan Vlahović
11%
65 mln Federico Chiesa
11%
45 mln Ferran Torres
11%
60 mln Diogo Jota
10%
65 mln Luis Diaz
10%
45 mln Martin Odegaard
10%
70 mln Matthijs De Ligt
10%
70 mln Nicolo Barella
10%
60 mln Reece James
10%
70 mln Florian Wirtz
9%
50 mln Lucas Hernandez
9%
65 mln Victor Osimhen
9%
60 mln Fabinho
8%
50 mln Marco Veratti
8%
65 mln Milan Skriniar
7%
48 mln Richarlison
7%
50 mln Fikayo Tomori
6%
45 mln Franck Kessie
6%
50 mln Pau Torres
6%
60 mln Alessandro Bastoni
5%
48 mln Cristian Romero
5%
50 mln Kalvin Phillips
5%
60 mln Mikel Oyarzabal
5%
60 mln Moussa Diaby
5%
50 mln Patrik Schick
5%
50 mln Sandro Tonali
5%
70 mln Sergej Milinković Savić
5%
50 mln James Maddison
4%
55 mln Fabian Ruiz
3%
45 mln Jonathan David
3%
50 mln Jose Maria Gimenez
3%
50 mln Mikel Merino
3%
50 mln Tammy Abraham
3%
55 mln Youri Tielemans
3%
50 mln Arnaut Danjuma
2%
50 mln Carlos Soler
2%
60 mln Wilfred Ndidi
1%
Nie znaleziono quizów pasujących do podanych kryteriów
Rozkład punktacji
Procent ludzi z każdym wynikiem
Percentyl według liczby udzielonych odpowiedzi
Twoja historia wyników
Nie rozwiązałeś tego quizu